<?xml version="1.0" encoding="UTF-8"?>
<record
    xmlns:xsi="http://www.w3.org/2001/XMLSchema-instance"
    xsi:schemaLocation="http://www.loc.gov/MARC21/slim http://www.loc.gov/standards/marcxml/schema/MARC21slim.xsd"
    xmlns="http://www.loc.gov/MARC21/slim">

  <leader>02127nam a2200361Ia 4500</leader>
  <controlfield tag="001">dia_2517</controlfield>
  <controlfield tag="003">CHAP</controlfield>
  <controlfield tag="005">20240223090239.0</controlfield>
  <controlfield tag="007">ta</controlfield>
  <controlfield tag="008">220117s2003    mc abdof      001 0 spa d</controlfield>
  <datafield tag="040" ind1=" " ind2=" ">
    <subfield code="c">CHAP</subfield>
    <subfield code="a">mxchpua</subfield>
  </datafield>
  <datafield tag="090" ind1=" " ind2=" ">
    <subfield code="a">T.C.358 </subfield>
    <subfield code="b">P47 IAI </subfield>
    <subfield code="c">2003</subfield>
  </datafield>
  <datafield tag="245" ind1="1" ind2="0">
    <subfield code="a">Reporte de viaje de estudio a la regi&#xF3;n Tecom&#xE1;n Armer&#xED;a del estado de Colima /</subfield>
    <subfield code="c">coordinador Fernando P&#xE9;rez Pelayo ; colaborador Luciana Alan&#xED;s Pozos...[et al.]</subfield>
  </datafield>
  <datafield tag="260" ind1=" " ind2=" ">
    <subfield code="a">M&#xE9;xico :</subfield>
    <subfield code="b">El autor,</subfield>
    <subfield code="c">2003</subfield>
  </datafield>
  <datafield tag="300" ind1=" " ind2=" ">
    <subfield code="a">65 hojas : </subfield>
    <subfield code="b">ilustraciones, tablas, gr&#xE1;ficas, mapas, fotos</subfield>
  </datafield>
  <datafield tag="336" ind1=" " ind2=" ">
    <subfield code="2">rdacontent</subfield>
    <subfield code="a">texto</subfield>
    <subfield code="b">txt</subfield>
  </datafield>
  <datafield tag="337" ind1=" " ind2=" ">
    <subfield code="2">rdamedia</subfield>
    <subfield code="a">sin medio</subfield>
    <subfield code="b">n</subfield>
  </datafield>
  <datafield tag="338" ind1=" " ind2=" ">
    <subfield code="2">rdacarrier</subfield>
    <subfield code="a">volumen</subfield>
    <subfield code="b">nc</subfield>
  </datafield>
  <datafield tag="500" ind1=" " ind2=" ">
    <subfield code="a">Grado : 5&#xB0; a&#xF1;o </subfield>
  </datafield>
  <datafield tag="502" ind1=" " ind2=" ">
    <subfield code="a">Viaje de Estudios </subfield>
    <subfield code="b">(IAI) -- </subfield>
    <subfield code="c">UACh. Departamento de Ingenier&#xED;a Agroindustrial, </subfield>
    <subfield code="d">2003</subfield>
  </datafield>
  <datafield tag="504" ind1=" " ind2=" ">
    <subfield code="a">Bibliograf&#xED;a : hoja 67</subfield>
  </datafield>
  <datafield tag="505" ind1="0" ind2="0">
    <subfield code="t">Empresas visitadas : --
1.SAGARPA, Tecom&#xE1;n --
2.SAGARPA, Colima --
3.ATESA (Agroindustrias de Tecom&#xE1;n , S. A. de C. V. ) --
4.Citrojugo, S. A. de .C .V. --
5.Plantaci&#xF3;n de carambola --
6.INIFAT (Campo experimental de Tecom&#xE1;n) --
7.Coco Colima, S. A. --
8.Grupo Coliman --
9.STAR de M&#xE9;xico, S.  de P. R. de R. L. --
10.V&#xED;vero frut&#xED;cola El EDEN --
11.Casa Cort&#xE9;s Tamarindo --
12.Grupo Colim&#xE1;n, S. A. de C. V. (empaque de Lim&#xF3;n) --
13.Congelados Valle Nuevo --
14.Centro de acopio --
15.Era de coco --
16.COELIM (Consejo estatal de lim&#xF3;n) --
17.Huertas frut&#xED;colas --
18.Cocadas Chayito --
19.Promega, S. P. R. de R. L. --
20.Quebradero de coco --
21.Asociaciones Agr&#xED;colas SAGARPA - Tecom&#xE1;n --
22.Asociaci&#xF3;n Ganadera --
23.Jefatura de Desarrollo Rural del Gobierno Municipal</subfield>
  </datafield>
  <datafield tag="650" ind1="1" ind2="3">
    <subfield code="a">Industria agr&#xED;cola</subfield>
    <subfield code="x">M&#xE9;xico</subfield>
    <subfield code="x">Colima  </subfield>
    <subfield code="9">153050</subfield>
  </datafield>
  <datafield tag="650" ind1="1" ind2="3">
    <subfield code="a">Agricultural industry</subfield>
    <subfield code="x">Mexico</subfield>
    <subfield code="x">Colima  </subfield>
    <subfield code="9">152635</subfield>
  </datafield>
  <datafield tag="700" ind1="1" ind2=" ">
    <subfield code="a">P&#xE9;rez Pelayo, Fernando</subfield>
    <subfield code="9">147691</subfield>
    <subfield code="e">coordinador</subfield>
  </datafield>
  <datafield tag="700" ind1="1" ind2=" ">
    <subfield code="a">Alan&#xED;s Pozos, Luciana</subfield>
    <subfield code="9">153052</subfield>
    <subfield code="e">colaborador</subfield>
  </datafield>
  <datafield tag="901" ind1=" " ind2=" ">
    <subfield code="a">T.C.358 P47 IAI 2003</subfield>
  </datafield>
  <datafield tag="902" ind1=" " ind2=" ">
    <subfield code="a">M</subfield>
  </datafield>
  <datafield tag="905" ind1=" " ind2=" ">
    <subfield code="a">5232272003                          mx dnb 8223123322spa16</subfield>
  </datafield>
  <datafield tag="942" ind1=" " ind2=" ">
    <subfield code="2">local</subfield>
  </datafield>
  <datafield tag="942" ind1=" " ind2=" ">
    <subfield code="c">VE</subfield>
  </datafield>
  <datafield tag="999" ind1=" " ind2=" ">
    <subfield code="c">173039</subfield>
    <subfield code="d">173039</subfield>
  </datafield>
  <datafield tag="952" ind1=" " ind2=" ">
    <subfield code="0">0</subfield>
    <subfield code="1">0</subfield>
    <subfield code="2">local</subfield>
    <subfield code="4">0</subfield>
    <subfield code="5">1</subfield>
    <subfield code="7">0</subfield>
    <subfield code="8">VE</subfield>
    <subfield code="a">IA_</subfield>
    <subfield code="b">IA_</subfield>
    <subfield code="d">2022-01-18</subfield>
    <subfield code="e">El autor</subfield>
    <subfield code="l">0</subfield>
    <subfield code="o">T.C.358 P47 IAI 2003</subfield>
    <subfield code="p">1106008524</subfield>
    <subfield code="r">2026-01-26 00:00:00</subfield>
    <subfield code="t">Ej.1</subfield>
    <subfield code="w">2022-01-18</subfield>
    <subfield code="y">VE</subfield>
  </datafield>
</record>
